| 000 | 01200cam a2200373 4500 | ||
|---|---|---|---|
| 999 |
_c28836 _d28807 |
||
| 001 | BHC7196NW | ||
| 001 | ACT1068BB | ||
| 003 | EG-ScBUE | ||
| 005 | 20200927100452.0 | ||
| 008 | 770723r19621957enk f b 00100 eng d | ||
| 035 | _a(OCoLC)ocm03135902 | ||
| 035 | _a43575 | ||
| 035 | _a(InU)BHC7196NW | ||
| 035 | _a(InU)ACT1068BB | ||
| 040 |
_aDLC _beng _erda _cOCP _dEG-ScBUE |
||
| 082 | 0 | 4 |
_a387.72 _bSEA _222 |
| 100 | 1 | 0 |
_aSealy, Kenneth R., _eauthor. |
| 245 | 1 | 4 |
_aThe geography of air transport / _cKenneth R. Sealy, lecturer in geography of the London School of Economics and Political Science. |
| 250 | _aSecond impression. | ||
| 264 | 1 |
_aLondon : _bHutchinson & Co. Ltd, _c1962. |
|
| 300 |
_a207 pages : _billustrations ; _c19 cm. |
||
| 336 |
_2rdacontent _atext _btxt |
||
| 337 |
_2rdamedia _aunmediated _bn |
||
| 338 |
_2rdacarrier _avolume _bnc |
||
| 490 | 0 | _aHutchinson university library | |
| 500 | _aIncludes appendix. | ||
| 504 | _aIncludes bibliographical references and index. | ||
| 650 | 7 |
_aAeronautics, Commercial. _2BUEsh |
|
| 653 |
_bGGEN _cSeptember2020 |
||
| 655 |
_vReading book _934232 |
||
| 942 |
_2ddc _cBB |
||
| 998 |
_b1/13/1989 _c1/13/1989 |
||
| 998 | _c7/14/1992 | ||